000 00329nam a22001217a 4500
003 LK-CoDNM
005 20240909092423.0
008 240905b |||||||| |||| 00| 0 eng d
040 _aLK-CoDNM
_dLK-CoDNM
_eLK-CoDNM
245 _aCeylon Goverment Gazette
_b1964
_cSeptember
260 _aColombo
_bGoverment press
_c1964
942 _cBK
999 _c151177
_d151177